Porovnání kontraktačního procesu ve Slovenské a České republice bakalárska práca

Gespeichert in:
Bibliographische Detailangaben
1. Verfasser: Prášilová, Anna
Körperschaft: Národohospodárska fakulta EU. Katedra ekonómie
Weitere Verfasser: Števček, Marek
Format: Buch
Sprache:Tschechisch
Veröffentlicht: Bratislava 2022
Tags: Tag hinzufügen
Keine Tags, Fügen Sie das erste Tag hinzu!

MARC

LEADER 00000nbm a2200000 4500
001 0286556
005 20221216103433.7
041 0 |a cze 
044 |a SK 
245 1 0 |a Porovnání kontraktačního procesu ve Slovenské a České republice  |b bakalárska práca  |c Anna Prášilová ; školiteľ: Marek Števček 
264 1 |a Bratislava  |c 2022 
300 |a 43 s. 
100 1 |a Prášilová, Anna 
700 1 |a Števček, Marek 
710 2 |a Národohospodárska fakulta EU. Katedra ekonómie